[Event "Linares 26th"]
[Site "Linares"]
[Date "2009.02.25"]
[Round "6"]
[White "Grischuk, Alexander"]
[Black "Aronian, Levon"]
[Result "1-0"]
[WhiteElo "2733"]
[BlackElo "2750"]
[Annotator "Krasenkow,M"]
[PlyCount "117"]
[EventDate "2009.02.19"]
[EventType "tourn"]
[EventRounds "14"]
[EventCountry "ESP"]
[EventCategory "21"]
[SourceTitle "CBM 129"]
[Source "ChessBase"]
[SourceDate "2009.03.25"]
[SourceVersion "1"]
[SourceVersionDate "2009.03.25"]
[SourceQuality "1"]

1. d4 d5 2. c4 c6 3. Nf3 Nf6 4. Nc3 e6 5. Bg5 h6 6. Bh4 dxc4 7. e4 g5 8. Bg3 b5
9. Ne5 h5 10. h4 g4 11. Be2 Bb7 12. O-O Nbd7 13. Qc2 Nxe5 14. Bxe5 Bg7 15. b3 {
About this line - see CBM 123, annotations to Avrukh - Sargissian by GM B.
Avrukh, and CBM 126, annotations to Grischuk - Karjakin by GM I.Stohl.} O-O $5
$146 {A curious novelty.} (15... cxb3 {is usually played.}) 16. bxc4 (16. Bg3 {
(normally played when ...cxb3 axb3 is included) is now senseless due to} b4 17.
Na4 Qxd4 18. e5 ({White has no} 18. Nc5 {here!}) 18... Qe4 $1) 16... Nh7 17.
Bxg7 (17. cxb5 Bxe5 18. dxe5 Qxh4 {[%cal Yh7g5]}) 17... Kxg7 {[%cal Rd8d4,
Rd8h4]} 18. Rad1 (18. d5 cxd5 19. exd5 bxc4 20. dxe6 Qxh4 $1 21. Ne4 (21. Nb5
fxe6 $1 22. Nc7 Rf6 $1 23. Nxa8 $140 Bxg2 24. Kxg2 Qh3+ 25. Kg1 g3 $19) 21...
Bxe4 22. Qxe4 Qf6 23. exf7 c3 24. f4 (24. Rac1 $142) 24... Rad8 25. Bc4 Rd4 26.
Qe6 Rxf4 $17 {0-1 Maletin,P (2557)-Van Wely,L (2625)/Budva MNE 2009/The Week
in Chess 748 (85)}) (18. Qd3 Qxh4 (18... bxc4 $143 19. Qxc4 Qxh4 20. Qc5 $36 {
[%csl Rb7]}) 19. cxb5 Rfd8 {and White has hardly any advantage.}) 18... Qxh4
19. cxb5 cxb5 20. Nxb5 Rac8 21. Qd3 Rfd8 $6 {Just missing the equalizer or
playing for a win?} (21... g3 $1 22. Qxg3+ Qxg3 23. fxg3 Bxe4 24. Bxh5 (24. Nd6
Rc2) 24... Rc2 25. Rf2 Rxf2 26. Kxf2 Rb8 $11) 22. d5 $1 exd5 23. Qd4+ Kg8 24.
Qxa7 Qe7 (24... Ng5 $6 25. Nd4 $1 $16 {S.Zagrebelny} ({but not} 25. Qxb7 $2
Nf3+ $1 26. Bxf3 (26. gxf3 g3) 26... gxf3 27. Nd6 fxg2 28. Kxg2 Qg4+ $11)) 25.
e5 Qxe5 $2 (25... Ra8 $142 26. Qe3 Rxa2 27. Rfe1 {White has good compensation
for the pawn due to the weakness of Black's kingside but hardly any real
advantage.}) 26. Qxb7 Rb8 (26... Qxe2 27. Nd6) 27. Qc7 Qxe2 28. Nd4 $1 {
[%cal Rd4e2,Rd4c6] Even stronger than} (28. Nd6 {[%cal Rc7f7,Rd1d5]} Rf8 (28...
Qe6 29. Rfe1 $1 Qf6 (29... Qxd6 30. Re8+ Rxe8 31. Qxd6 $18) (29... Qd7 30. Re8+
$1) 30. Rxd5 Ng5 31. Red1 $16) 29. Rxd5 Qxa2 30. Ra5 $1 Qe2 31. Rxh5 $36) 28...
Qc4 29. Qe5 (29. Nc6 $142 $1 {S.Zagrebelny} Rbc8 $1 30. Ne7+ Kf8 31. Qg3 Kxe7 (
31... Rc5 32. Rfe1 $40 {[%cal Rg3e3,Rg3e5]}) 32. Qe5+ Kf8 33. Qh8+ Ke7 34.
Rfe1+ Kd6 35. Qe5+ Kc6 36. Rc1 $18) 29... Re8 30. Qxh5 Rb6 31. Nf5 $16 {
[%csl Rg8][%mdl 128] Black's kingside is seriously compromised; his defence is
very hard.} Rbe6 (31... Qxa2 32. Rd4 $1 $18) 32. Ne3 (32. Rd4 $4 Qxf1+) (32.
Nh6+ $142 Kg7 33. Nxg4 $16 Qxa2 $140 34. Ne3 {winning the d5-pawn.}) 32... Qxa2
33. Nxg4 $6 (33. Rd4 $142 Re4 34. Rxe4 {exchanging one of the defenders} Rxe4
35. Nxg4 $16 Qe2 36. Nh6+ Kg7 37. Nf5+ Kg8 38. f3 $16 {[%csl Rg8]}) 33... Qe2
$1 {A sudden tactical trick - the d5-pawn is untouchable.} 34. Qh4 Qc4 $6 (
34... Rg6 $1 35. f3 Qe6 {holding on and keeping material parity.}) 35. f4 $1 {
[%cal Yf1f3] White brings new forces into attack!} Rg6 36. Rf3 Qc5+ $6 (36...
Re2 37. Rg3 Qxf4 38. Rf1 Qd4+ (38... Qd2 39. Rxf7 $1 Qd4+ 40. Rf2 Kg7 41. Rh3
$18) 39. Kh2 Kg7 40. Rh3 $18) (36... Kf8 $5 {was a computer-like way to defend
as after} 37. Qxh7 (37. Kh2 $142 $5 {keeping various threats} Re2 38. Ra1 $36)
37... Rxg4 38. Qh8+ Rg8 39. Qh6+ Ke7 $1 40. Re3+ Kd7 {, amazingly, White can't
win.}) 37. Kh1 Qe7 38. Qh3 Qd6 $2 {[%mdl 8192] This blunder loses but even
after} (38... Nf6 39. Re3 $1 (39. Nh6+ Kf8 40. Nf5 Qe2 $1) 39... Qf8 $1 (39...
Ne4 40. f5 Ra6 (40... Kg7 41. fxg6 Rh8 42. Qxh8+ Kxh8 43. Rxd5 Kg7 44. gxf7
Qxf7 45. Re5 $16) 41. Qh5 $1 (41. f6 Rxf6 42. Nxf6+ Qxf6 43. Rf3 Nf2+ 44. Kh2
Qe5+ 45. Qg3+ Ng4+ 46. Kg1 Qxg3 47. Rxg3 Re4 $14) 41... Kg7 42. Rh3 Rg8 43. f6+
$1 Rxf6 44. Nxf6 Qxf6 45. Rf3 {and White gets a decisive material advantage})
40. Nxf6+ Rxf6 41. Rg3+ (41. Rxe8 $143 Qxe8 42. Rxd5 Qe1+ 43. Kh2 Kg7 44. Rh5
Qc1 $1) 41... Rg6 42. Rxd5 $16 {Black still faces serious problems due to his
weak king.}) 39. f5 Rg5 40. Nh6+ Kf8 41. Nxf7 $1 {Winning a pawn and
continuing his attack.} Qf6 (41... Kxf7 42. Qxh7+ Kf8 43. f6 Qe5 44. Rh3 $18)
42. Nxg5 Nxg5 43. Qh4 $18 Re7 (43... Kg7 44. Qg4 Re4 45. Qg3 Kf7 46. Rfd3 $18)
44. Rh3 $1 Qxf5 45. Qh8+ (45. Qh6+ Ke8 46. Rh5 $18) 45... Kf7 46. Rh5 Re8 47.
Qh6 Rg8 48. Qd6 Rg6 49. Qxd5+ Qxd5 50. Rxd5 {The rest is easy.} Ne4 51. Rhf5+
Kg7 52. Rd7+ Kh6 53. Rf4 Ng3+ 54. Kh2 Nh5 55. Ra4 Nf6 56. Rdd4 Rg5 57. Rf4 Rg6
58. Rf3 Nh7 59. Rh3+ 1-0

[Event "Foros Aerosvit 3rd"]
[Site "Foros"]
[Date "2008.06.10"]
[Round "3"]
[White "Carlsen, Magnus"]
[Black "Van Wely, Loek"]
[Result "1-0"]
[WhiteElo "2765"]
[BlackElo "2677"]
[Annotator "Krasenkow,M"]
[PlyCount "121"]
[EventDate "2008.06.08"]
[EventType "tourn"]
[EventRounds "11"]
[EventCountry "UKR"]
[EventCategory "19"]
[SourceTitle "CBM 125"]
[Source "ChessBase"]
[SourceDate "2008.07.30"]
[SourceVersion "1"]
[SourceVersionDate "2008.07.30"]
[SourceQuality "1"]

1. c4 c6 2. d4 d5 3. Nf3 Nf6 4. Nc3 e6 5. Bg5 h6 6. Bxf6 Qxf6 7. e3 Nd7 8. Qc2
Qd8 {After this move White keeps a small advantage.} (8... g6 {is more common.}
) 9. Bd3 Be7 10. O-O O-O {This position was examined in CBM 119 (annotations
to Gelfand - Kasimdzhanov) and in CBM 121 (annotations to Delchev - Kosic by
GM L.Ftacnik).} 11. Rad1 dxc4 (11... a6 $5 {is probably more flexible, e.g.}
12. cxd5 (12. e4 dxc4 13. Bxc4 b5 14. Be2 Qb6 15. a3 c5 16. d5 c4 $132 {
0-1 Plachetka,J-Sveshnikov,E/Dubna 1979/EXT 1999 (29)}) 12... exd5 13. Rfe1 Nf6
14. e4 dxe4 15. Bxe4 Nxe4 16. Qxe4 Bd6 17. d5 c5 18. Qd3 Bg4 19. h3 Bh5 20. Re3
b5 21. Rde1 Bf4 22. R3e2 $13 {1-0 Furman,S-Rizzi,D/IECG 2003/Telechess CBM 105
(75)}) 12. Bxc4 b5 13. Be2 $146 (13. Bd3 {is also possible:} Bb7 14. Ne4 (14.
a3 $5 a5 15. a4 b4 16. Ne4 Qb6 17. Rc1 Rac8 $6 18. Nc5 $14 {1-0 Gonzalez
Zamora,J-Mendoza Moreno,J/Merida 2005/EXT 2007 (32)}) 14... Qb6 15. Rc1 Rac8 (
15... Rfd8 $142) 16. Nc5 Nxc5 17. dxc5 Qc7 18. Nd4 Bf6 19. Be4 Rcd8 20. Rfd1 g6
21. b4 Bg7 22. Nb3 f5 23. Bf3 e5 24. e4 Bc8 25. Na5 f4 26. Qb3+ Kh7 27. h3 $14
{1-0 Petrosian,A-Farago,I/Yerevan 1982/MCD (52)}) 13... Bb7 14. Ne4 Qb6 15. Rc1
{White seizes the c5 square preventing ...c6-c5 but that now leads to
simplifications.} Rfd8 {This is definitely more useful than} (15... Rac8 {
as the d-file will open up in a moment.}) 16. Rfd1 (16. Ne1 $5 {[%cal Ye1d3]})
16... Rac8 17. Nc5 Nxc5 18. dxc5 Rxd1+ 19. Rxd1 $1 {[%mdl 512] An interesting
pawn sacrifice, which Black should have probably rejected.} Qxc5 (19... Qc7 $5
{[%cal Yc8d8] with good chances to equalize.}) 20. Qxc5 Bxc5 {[%mdl 4096]} 21.
Rd7 Ba8 22. Ne5 Bb6 (22... f6 23. Ng6 {[%cal Yg6f4,Yf4e6]} (23. Nd3 Bb6 24. Nf4
Rd8 $1 25. Re7 Kf8 26. Ng6+ Kg8) 23... e5 24. Ne7+ Bxe7 25. Rxe7 a5 26. Kf1 $44
) 23. Nxf7 Rc7 24. Ne5 (24. Nxh6+ $5 gxh6 25. Rd8+ Kg7 26. Rxa8 Rd7 27. Bg4 Rd2
28. b3 Rxa2 29. Kf1 $14 {White has a stronger pawn chain and therefore his
bishop is more active.}) 24... Rxd7 25. Nxd7 Bc7 26. Nc5 {White's advantage 
(Black's "bad" a8 bishop) should not be enough to win the game.} Kf7 27. Bg4 e5
28. Bf3 Ke7 29. Kf1 Bb6 30. b4 a5 31. a3 Bxc5 32. bxc5 Bb7 33. Ke2 Ba6 {
Passive defence is probably good enough, too.} 34. Kd2 Kd7 35. Be4 g5 36. Kc3
Bc8 37. g3 Kc7 38. f4 g4 $4 {Putting this pawn on a light square is a terrible
positional mistake.} ({White can't win after} 38... exf4 39. exf4 gxf4 40. gxf4
Bd7 41. f5 Kd8 42. f6 (42. Kd4 Ke7 43. Ke5 Be8) 42... Ke8 43. Bg6+ Kf8 44. Kd4
{and now the simplest} a4) 39. f5 Bd7 40. f6 Kd8 41. Kd3 a4 (41... Ke8 42. Bg6+
Kf8 43. Ke4 Be8 44. Bf5 b4 45. axb4 axb4 46. Kxe5 b3 47. Kd4 $18) 42. Bg6 Be6
43. Kc3 $2 (43. Ke4 {was quite possible:} Kd7 (43... b4 44. Kxe5 Bb3 45. Kd6
$18) 44. Kxe5 Bb3 45. Bf5+ Ke8 46. Kd6 b4 47. axb4 a3 48. Bb1 $18) 43... Kd7 $2
{It was unclear how White was going to win after} (43... Bd5 {e.g.} 44. Kb4 Bf3
45. Ka5 Kd7 46. Bf7 (46. Kb6 Bd5) (46. Bf5+ Ke8 47. Be6 Bd1 48. Kb6 $6 Bb3)
46... Be4 47. Kb6 Bg2) 44. Be4 $22 {Black now loses his ill-fated g4 pawn due
to the zugzwang.} Bf7 (44... Kc7 45. Bf5 $1) (44... h5 45. Bg6) 45. Bf5+ Ke8 (
45... Be6 $4 46. f7) 46. Bxg4 Bd5 47. Bh5+ Kd7 48. Bg6 e4 49. g4 Ke6 50. f7 Ke7
51. h4 Kf8 (51... Bxf7 52. Bxe4) 52. Kd4 Ke7 53. h5 $1 {[%cal Rg4g5]} Bxf7 54.
Bxe4 Be8 55. Bf5 Kf6 56. e4 Kg5 57. Bc8 Kf4 58. e5 {[%cal Re5e6,Rc8d7]} b4 59.
axb4 a3 60. Kc3 Kxe5 61. Kb3 1-0

[Event "Sofia MTel Masters 4th"]
[Site "Sofia"]
[Date "2008.05.15"]
[Round "7"]
[White "Ivanchuk, Vassily"]
[Black "Topalov, Veselin"]
[Result "1/2-1/2"]
[WhiteElo "2740"]
[BlackElo "2767"]
[Annotator "Krasenkow,M"]
[PlyCount "97"]
[EventDate "2008.05.08"]
[EventType "tourn"]
[EventRounds "10"]
[EventCountry "BUL"]
[EventCategory "20"]
[SourceTitle "CBM 124"]
[Source "ChessBase"]
[SourceDate "2008.05.28"]
[SourceVersion "1"]
[SourceVersionDate "2008.05.28"]
[SourceQuality "1"]

1. d4 d5 2. c4 c6 3. Nf3 Nf6 4. Nc3 e6 5. Bg5 h6 6. Bxf6 Qxf6 7. e3 Nd7 8. Rc1
{An old-fashioned move.} Bd6 9. Bd3 O-O 10. O-O Qe7 11. Qc2 a6 $6 (11... dxc4 {
is more common:} 12. Bxc4 e5 (12... Nb6 13. Ne4 Nxc4 14. Qxc4 Bc7 15. Ne5 Rd8
16. f4 f6 17. Nd3 a5 18. Rf2 Bd7 19. Ndc5 b5 20. Qe2 $14 {1/2-1/2 Tomashevsky,
E-Pavasovic,D/Dresden 2007/CBM 118 (43)}) (12... b6 13. Ne4 (13. Rfd1 Bb7 14.
Ne4 Bc7 15. Rd2 Rac8 16. a3 Bb8 17. b4 Rfd8 18. Bd3 f5 19. Ng3 c5 $132 {
0-1 Sladek,V-Cech,P/Ostrava 2003/EXT 2006 (65)}) 13... Bc7 14. Bb3 Ba6 $6 (
14... Bb7 $1) 15. Rfd1 Rac8 16. Ba4 f5 17. Ng3 Bb7 18. Qe2 Qd6 19. e4 $14 {
0-1 Sladek,V-Klimsa,J/Ostrava 2003/EXT 2006 (38)}) 13. Ne4 exd4 (13... Bb8 $5
14. Ng3 (14. d5 $5) 14... Nb6 15. Bb3 Re8 16. a4 e4 17. Nd2 Bxg3 18. fxg3 Be6
19. Rf4 Qb4 20. Bxe6 Rxe6 21. Rxe4 Rxe4 22. Nxe4 Nxa4 23. b3 Nb6 24. Nc5 Nd5
$132 {0-1 Stanojevic,B-Basagic,Z/Skofja Loka 1997/CBM 061 ext (60)}) 14. Nxd6
Qxd6 15. Rfd1 Ne5 (15... Nb6 16. Rxd4 Qe7 17. Bb3 Be6 18. Qe4 Rae8 19. Bc2 f5
20. Qh4 Bxa2 21. Qxe7 Rxe7 22. Ra1 Bd5 23. Rxa7 Nc8 24. Ra8 g6 $11 {1/2-1/2
Hjartarson,J-Thorhallsson,T/Iceland 1993/TD (44)}) 16. Nxe5 Qxe5 17. Rxd4 Bf5
18. Qc3 Rae8 19. Qa3 a6 20. Rcd1 Bc8 21. b4 Qc7 22. Qc3 Re5 23. a3 Rfe8 24. Rf4
Bf5 25. h3 a5 26. g4 axb4 27. axb4 Be6 28. Rfd4 Bc8 29. Rf4 Be6 30. Bxe6 R5xe6
31. Qd4 Re5 {1/2-1/2 Capablanca,J-Levenfish,G/Moscow 1936/HCL}) 12. c5 Bc7 13.
e4 {[%mdl 32] A typical reaction.} dxe4 14. Nxe4 Rd8 $146 {Black decides to
defend passively.} (14... e5 {is quite risky:} 15. Rfe1 exd4 16. Neg5 (16. Nd6
$5 Qd8 17. Nxc8 Rxc8 18. Bf5 $36) 16... Qxc5 17. Qb3 Qd5 $2 (17... Qb6 $2 18.
Bh7+ Kh8 19. Nxf7+ Kxh7 20. Qd3+ Kg8 21. Nxh6+ $16) (17... Qd6 $1 18. Nxf7 (18.
Bh7+ Kh8 19. Nxf7+ Rxf7 20. Qxf7 Kxh7 21. Re7 Qg6 22. Rxd7 Bxd7 23. Qxd7 Qd6
24. Qxd6 Bxd6 25. Nxd4 Re8 $15) 18... Rxf7 19. Bc4 Qf8 20. Nh4 $44) 18. Qxd5
cxd5 19. Nh7 $16 {1-0 Kiselev,S-Guliev,S/Azov 1991/CBM 025 (40)}) 15. Rfe1 Nf8
16. Qc3 f6 17. Bb1 Kh8 18. a3 Bd7 19. Nfd2 {[%cal Rd2c4]} f5 $1 {Just in time!}
20. Ng3 Qf6 21. Nf3 Be8 22. Ba2 (22. Ne5 Ng6 $1) 22... b6 (22... a5 $5 {
[%cal Ya5a4]} 23. Ne5 Nd7 $5) 23. Rc2 (23. Ne5 $5 bxc5 (23... Rab8 24. cxb6
Bxb6 25. Ne2) 24. Qxc5 (24. dxc5 f4 25. Nf1 a5 $13) 24... Rab8 {[%cal Rc7b6,
Rb8b2]} 25. Qc3 Rd6 26. Ne2 $14 (26. b4 $143 a5)) 23... bxc5 24. Qxc5 $14 {
Black has a lot of weaknesses but his bishop pair can be potentially strong.}
Rab8 25. Rd2 a5 26. Qc3 Rd6 27. Rde2 (27. Ne5 $5) 27... Bb6 28. Re5 {The rook
is not the best blockader but White can afford this.} Bf7 29. Bb1 Qd8 30. Ba2
Rb7 31. Ne2 Ng6 32. Re3 a4 {Both sides have made a little progress. Black
decides to blockade White's queenside pawns but his own a4-pawn can now be
weak.} 33. Qc2 Rc7 $6 {[%mdl 512] This pawn sac to activate pieces is dubious.}
(33... Ra7 $142) 34. Qxa4 c5 35. dxc5 $6 (35. Rc3 $1 cxd4 (35... Kg8 36. dxc5
Rxc5 37. Ned4 $5) 36. Rxc7 Qxc7 37. Nexd4 Bxd4 38. Nxd4 Qb6 39. Nxf5 $1 (39.
Nxe6 $143 Qxb2 40. Bb3 Rd3) 39... Rd2 40. Rf1 Rxb2 41. Bc4 {and Black has no
sufficient compensation.}) 35... Rxc5 $44 {[%csl Re3] Now Black is fine.} 36.
Rc3 Ne5 37. Ned4 Ng4 $6 (37... Be8 38. Qb3 Rcd5 $44) (37... Nxf3+ $5 38. Nxf3
Rxc3 39. bxc3 Rd2 $1 40. Nxd2 Qxd2 41. Rf1 Qxa2 42. Qb4 Bc7 43. Qe7 Qc4 44.
Qxf7 Bxh2+ 45. Kxh2 Qxf1 {and the endgame should end in a draw.}) 38. h3 $6 {
This leads to complications, which eventually end in a draw.} (38. Qc2 $1 $14 {
kept the better prospects for White.}) 38... Nxf2 $1 39. Kxf2 Ra5 40. Qc2 Rxd4
41. Kf1 Qd7 42. Rc8+ Kh7 43. Qc6 Qd6 44. Qxd6 Rxd6 45. Rf8 Ra7 46. Ne5 Rd2 47.
Re2 Rd1+ 48. Re1 Rd2 49. Re2 1/2-1/2

[Event "EU-ch 19th"]
[Site "Batumi"]
[Date "2018.03.27"]
[Round "10"]
[White "Krasenkow, Michal"]
[Black "Beliavsky, Alexander G"]
[Result "1-0"]
[WhiteElo "2644"]
[BlackElo "2537"]
[Annotator "Krasenkow,M"]
[PlyCount "87"]
[EventDate "2018.03.17"]
[EventType "swiss"]
[EventRounds "11"]
[EventCountry "GEO"]
[SourceTitle "CBM 184"]
[Source "ChessBase"]
[SourceDate "2018.05.16"]
[SourceVersion "1"]
[SourceVersionDate "2018.05.16"]
[SourceQuality "1"]

1. Nf3 d5 2. d4 Nf6 3. c4 e6 4. Nc3 dxc4 5. Qa4+ c6 6. Qxc4 b5 7. Qd3 a6 8. Bg5
{The most principled continuation.} ({The simplifications after} 8. e4 c5 9.
dxc5 Qxd3 10. Bxd3 Bxc5 {are not very promising for White.}) 8... c5 9. Bxf6 $1
gxf6 10. d5 Bb7 (10... b4 11. Na4 Ra7 {1/2 (48) Troff,K (2545)-Krishnan,V 
(2315) Arlington 2015} (11... Bd7 $6 12. dxe6 fxe6 13. Rd1 Qa5 14. b3 Bxa4 15.
bxa4 b3+ 16. Nd2 Nd7 17. Qe4 $16 {1/2 (28) Khalifman,A (2638)-Grigoryan,A 
(2595) Moscow 2011}) 12. dxe6 Bxe6 13. Qxd8+ Kxd8 14. e3 $14) (10... Ra7 11. e4
Rd7 {1-0 (88) Khismatullin,D (2667)-Alsina Leal,D (2546) Kavala 2010} 12. Qe3
$14) (10... Bg7 $5 11. e4 O-O 12. Be2 f5 13. Rd1 Bb7 $13 14. Qe3 $6 {1-0 (31)
Cabrera,A (2518)-Sandipan,C (2641) Caleta 2011} exd5 15. Nxd5 Nd7 $15) 11. e4 (
11. O-O-O $6 b4 12. Na4 {1-0 (42) Grischuk,A (2752)-Bacrot,E (2714) Porto
Carras 2011} Bxd5 $1 $17 13. e4 $140 $2 Bh6+ 14. Kc2 (14. Kb1 $2 Bxe4) 14...
b3+ 15. axb3 Nc6 $19) (11. dxe6 Qxd3 12. exf7+ Kxf7 13. exd3 Rg8 14. a4 Nc6 15.
axb5 Nd4 $44 {1/2 (47) Aronian,L (2792)-Giri,A (2782) Leuven 2016}) 11... Bh6
$6 {Not a good square for the bishop.} (11... Nd7 {leads to a double-edged
position, e.g.} 12. Rd1 (12. O-O-O $6 c4 13. Qc2 Qb6 {[%csl Gb6]} 14. Kb1 O-O-O
15. g3 Kb8 16. Bh3 Nc5 $17 {1/2 (31) Gyimesi,Z (2595)-Erdos,V (2576) Hungary
2011}) 12... c4 (12... Qc7 13. Be2 O-O-O 14. O-O Bd6 15. dxe6 Nb6 16. e5 fxe5
17. Ng5 Rhg8 18. Nce4 Bxe4 19. Nxe4 Be7 20. Qa3 Kb7 21. exf7 Rgf8 22. Bf3 Ka7
23. Nc3 Na4 24. Nd5 {1-0 (24) Le,Q (2703)-Jumabayev,R (2556) Zaozhuang 2012})
13. Qc2 (13. Qd2 Nc5 14. Qd4 Rc8 15. Qe3 {1/2 (56) Ipatov,A (2562)-Sandipan,C 
(2656) Rethymno 2011} Qe7 $1 $15 {[%cal Ye6d5,Yb5b4]}) 13... Qb6 14. Be2 Bg7
15. O-O Nc5 16. b4 cxb3 17. axb3 Rc8 $13 18. Qa2 $2 f5 19. dxe6 Bxc3 20. exf7+
Kf8 21. exf5 Qf6 $17 {0-1 (38) Zhukova,N (2476)-Yilmaz,M (2531) Nakhchivan 2013
}) 12. Rd1 Qc7 {Hardly a perfect square for the queen.} (12... Nd7 $5 13. g3 c4
14. Qc2 Qb6 {deserved attention.}) 13. g3 Nd7 $6 (13... O-O $142 {although
White's position looks more pleasant after} 14. Bg2) 14. Bh3 Nf8 $2 {After
this move Black will be unable to complete development, and his king remains
in the centre.} (14... c4 $142 15. Qe2 Nc5 {although White retains the better
prospects after} 16. O-O O-O 17. dxe6 fxe6 18. Nd4) 15. dxe6 fxe6 16. O-O Rd8
$6 {Another wrong decision. The exchange of White's passive f1-rook is
favourable for him.} (16... Rg8 $142) 17. Qe2 Rxd1 18. Rxd1 Rg8 19. Nh4 $1 $18
{[%cal Re2h5] All White's pieces take part in the attack, which becomes
decisive.} Rg5 (19... Qf7 $2 20. Nxb5 $1) 20. Bg2 c4 (20... Ng6 21. f4 Nxf4 22.
gxf4 Qxf4 23. Qd3 $18) 21. f4 Qc5+ 22. Kf1 Rg7 23. e5 $1 {[%cal Re2h5]} Bxg2+
24. Nxg2 ({Surprisingly,} 24. Kxg2 $1 {was stronger. If} Bxf4 {then} 25. exf6
Rg8 26. Ne4 $18) 24... f5 25. Qh5+ Rg6 26. Nh4 $6 {White goes for unnecessary
complications while after} (26. Ne2 {Black had no defence against the 26.Nh4
threat, e.g.} Qc6 27. Rd6 Qe4 28. Kf2 {[%cal Rg2h4]}) 26... Bxf4 $1 27. gxf4
Qg1+ 28. Ke2 Qxh2+ 29. Ke3 Qxb2 $1 (29... Qh3+ 30. Kd2 Qg4 31. Qxg4 Rxg4 32.
Nf3 Ng6 (32... Rxf4 33. Ke3 Rg4 34. Rd6 $18) 33. Ne2 Nxf4 34. Nxf4 Rxf4 35. Ke3
Re4+ 36. Kf2 {[%cal Rd1d6] , and White should win.}) 30. Ne2 Qa3+ $1 31. Kf2
Qh3 32. Rd6 (32. Rg1 $5 {[%cal Re2g3]} Kd8 33. Rxg6 (33. Ng3 $6 Rg4) 33... Nxg6
34. Qg5+ Kd7 35. Nf3 {[%cal Rg5f6]} c3 $1 (35... Qg4 36. Qh6) 36. Nxc3 Qg4 37.
Ne2 Qxg5 38. Nxg5 {- White has work to do but should finally prevail.}) 32...
b4 (32... c3 33. Rxa6 c2 (33... Qh2+ 34. Ke3 Qh3+ 35. Kd4) 34. Ra8+ Kd7 35. Qf3
$1 $18 Qxh4+ $140 36. Kf1 {[%cal Rf3b7]}) 33. Rxa6 Kf7 (33... Qh2+ $142 34. Ke3
Qh3+ 35. Kd2 Qh1 (35... Qd3+ $6 36. Ke1 $18) {although after} 36. Rd6 {White's
advantage should be decisive.}) 34. Ra8 (34. Ra7+ Kg8 35. Rxh7 $1 {was simpler,
e.g.} Qh2+ 36. Ke3 Rg3+ 37. Nf3 $18) 34... Qh2+ ({After} 34... Kg7 {I planned}
35. Rxf8 (35. Ra7+ $1 Kg8 36. Rxh7 {was still possible}) (35. Nxf5+ Qxf5 36.
Qxf5 exf5 37. Nd4 {was good, too}) 35... Rg2+ $1 36. Nxg2 Qxh5 37. Rb8 {
. White's rook and two knights are stronger than Black's queen but it would
take a while to convert this advantage.}) 35. Ke3 Qh3+ 36. Kd2 c3+ (36... Qd3+
37. Ke1 $18) 37. Kc2 Qe3 38. Nxg6 (38. Rxf8+ Kxf8 39. Nxg6+ Kg7 40. Nh4 {
was possible, too.}) 38... Qe4+ {Black has a number of checks but nothing more.
} 39. Kb3 hxg6 (39... Qd5+ 40. Kxb4 hxg6 (40... Qe4+ 41. Kxc3 {etc.}) 41. Ra7+
Ke8 42. Qg5) 40. Rxf8+ Kxf8 41. Qh8+ Ke7 42. Qf6+ Kd7 43. Qf7+ Kd8 44. Qf8+ (
44. Qf8+ Kc7 45. Qd6+ Kc8 46. Qxe6+ {etc.}) 1-0

[Event "Dortmund SuperGM 36th"]
[Site "Dortmund"]
[Date "2008.07.01"]
[Round "3"]
[White "Mamedyarov, Shakhriyar"]
[Black "Gustafsson, Jan"]
[Result "1/2-1/2"]
[WhiteElo "2752"]
[BlackElo "2603"]
[Annotator "Krasenkow,M"]
[PlyCount "53"]
[EventDate "2008.06.28"]
[EventType "tourn"]
[EventRounds "7"]
[EventCountry "GER"]
[EventCategory "18"]
[SourceTitle "CBM 125"]
[Source "ChessBase"]
[SourceDate "2008.07.30"]
[SourceVersion "1"]
[SourceVersionDate "2008.07.30"]
[SourceQuality "1"]

1. d4 d5 2. c4 c6 3. Nc3 Nf6 4. Nf3 e6 5. Bg5 h6 6. Bh4 dxc4 7. e4 g5 8. Bg3 b5
9. Be2 Bb7 10. O-O Nbd7 11. Ne5 Bg7 12. Nxd7 Nxd7 13. Bd6 a6 14. Re1 c5 15.
dxc5 Rc8 16. a4 b4 17. c6 Bxc6 {About this line - see CBM 122, annotations to
Inarkiev-Aronian.} 18. Bxb4 $146 (18. Nd5 $5 Ne5 $6 (18... Bxb2 $5 19. Bxb4 $5
$13 (19. Be7 $143 Qxe7 20. Nxe7 Kxe7 $44)) 19. Be7 Qd7 $6 (19... Qa5 $142 20.
Bxb4 Qd8 21. Ne7 Rb8 22. Nxc6 Nxc6 23. Ba3 $36) 20. Nf6+ Kxe7 21. Nxd7 Bxd7 22.
Qd2 a5 23. Rad1 Rhd8 24. Qd6+ Ke8 25. Qb6 $16 {0-1 Inarkiev,E-Aronian,L/
Khanty-Mansiysk 2007/CBM 122/[Krasenkow] (48)}) 18... Qb6 19. Ba3 Bd4 20. Bxc4
(20. Rf1 Ne5 $132) 20... Ne5 (20... Bxf2+ 21. Kh1 Bb7 $13 (21... Bxe1 $143 22.
Qd6 $44)) 21. Bxa6 $5 Bxf2+ 22. Kh1 Rd8 (22... Qxa6 $2 23. Qd6 Ng6 $140 24. Nd5
$1 $40) 23. Qe2 Bxe1 24. Rxe1 $44 {After all the complications White has
retained decent compensation for a minor material loss: Black's king is caught
up in the centre although his strong e5-knight enables him to hold on.} f6 {
[%cal Re8f7]} (24... Rd7 $5) 25. Qh5+ Kd7 26. Qe2 (26. Bb5 Kc8 $1 27. Bxc6 (27.
Be7 Bxb5 28. Nxb5 Nd3) 27... Qxc6 28. Be7 Nd3 $1 29. Rf1 Qe8 $1 30. Qxe8 Rdxe8
31. Bxf6 Ref8 $13) (26. Bf1 Qf2 27. Rc1 Kc7 $1 $36) (26. Be2 $5 {was a good
possibility to fight on:} Kc8 27. Rf1 $5 (27. Be7 $143 Rd3 $3 28. Nd5 (28. Bxd3
Nxd3) (28. Bxf6 Be8) 28... exd5 29. Bxd3 Re8 $1 30. Ba3 Nxd3 31. Qh3+ Kb7 32.
Qxd3 dxe4 $13) (27. Qh3 $5 $36) 27... Nd3 28. Bxd3 Rxd3 29. Qf7 $36) 26... Ke8
(26... Kc7 $2 27. Be7) 27. Qh5+ {Both players were too scared to play on in
this crazy position.} 1/2-1/2